| 000 | 00506nam a22001937a 4500 | ||
|---|---|---|---|
| 003 | OSt | ||
| 005 | 20140310183041.0 | ||
| 008 | 130222t xxu||||| |||| 00| 0 eng d | ||
| 020 | _a9789715849104 | ||
| 050 |
_aRT 86.3 _b.C232 2009 |
||
| 100 | _aCantos, Arthur D. | ||
| 245 |
_aInterpersonal communication skills in nursing / _cCantos, Arthur D. |
||
| 260 |
_aQuezon City : _bC & E, _c2009. |
||
| 300 |
_a212 p. : _c212 cm. |
||
| 521 | _aNUR | ||
| 562 | _e1 | ||
| 942 |
_2lcc _cBK _kLOC |
||
| 999 |
_c18535 _d18535 |
||